000 00470nab a2200145Ia 4500
003 ES-SlBCS
005 20210601125242.0
008 140529s1980 xxu||||| |||| 00| 0 eng d
041 _aeng
100 1 _aBeer Blumenfeld, Jean
_9155991
245 0 0 _aActing Intentionally and Acting Voluntarily
_c Jean Beer Blumenfeld
650 0 4 _aHechos Intencionados
_9155992
773 0 _tPhilosophy and Phenomenological Research
_gvol. 41, 1980, págs. 228-231
_wRev1411
942 _cAR
999 _c527280
_d527280